Food fats and oils

שמור ב:
מידע ביבליוגרפי
מחבר תאגידי: Institutes of shortening and Edibe oils
פורמט: ספר
שפה:Undetermined
יצא לאור: Washington Institutes of shortening and Edibe oils 1994
נושאים:
תגים: הוספת תג
אין תגיות, היה/י הראשונ/ה לתייג את הרשומה!
Thư viện lưu trữ: Trung tâm Học liệu Trường Đại học Cần Thơ
LEADER 00545nam a2200169Ia 4500
001 CTU_175384
008 210402s9999 xx 000 0 und d
082 |a 664.3 
082 |b I.61 
110 |a Institutes of shortening and Edibe oils 
245 0 |a Food fats and oils 
245 0 |c Institutes of shortening and Edibe oils 
260 |a Washington 
260 |b Institutes of shortening and Edibe oils 
260 |c 1994 
650 |a Food technology,Công nghệ thực phẩm 
980 |a Trung tâm Học liệu Trường Đại học Cần Thơ